LDR 00959naa#a2200169#i#450# 001 RU\INFRA-M\bibl\116621 005 20260428025022.2 011 ## _a2500-0519 100 ## _a20260306b2026####ek#y0rusy0150####ca 102 ## _aRU 200 1# _aОт анализа к проектированию: метаязык Общей теории живого слова как функциональная основа для формирования консентного типа сознания и его алгоритмизации в системах ИИ _eЖурнальная статья 210 1# _aМосква _cОбщество с ограниченной ответственностью «Научно-издательский центр ИНФРА-М» _d2026 215 ## _a26 с. 608 ## _aЖурнальная статья _2local 675 ## _aЛингвистика. Языкознание. Языки. 81 _z 700 #1 _aЛазарев _gА. И. 856 4# _azh-szf.ru _u